KOHA-Header-6

Engineering Physics (Record no. 12124)

000 -LEADER
fixed length control field 00316nam a22001337a 4500
020 ## - INTERNATIONAL STANDARD BOOK NUMBER
ISBN 0-19-806542-6
082 ## - DEWEY DECIMAL CLASSIFICATION NUMBER
Classification number 530.02
100 ## - MAIN ENTRY--AUTHOR NAME
Personal name D.K.Bhattacharya
245 ## - TITLE STATEMENT
Title Engineering Physics
260 ## - PUBLICATION, DISTRIBUTION, ETC. (IMPRINT)
Place of publication New York
Name of publisher Oxford University Press
Year of publication 2015
300 ## - PHYSICAL DESCRIPTION
Number of Pages 373
650 ## - SUBJECT ADDED ENTRY--TOPICAL TERM
Topical Term Electrical Engineering
942 ## - ADDED ENTRY ELEMENTS (KOHA)
Koha item type Books
Holdings
Withdrawn status Lost status Collection code Permanent Location Current Location Shelving location Date acquired Full call number Accession Number Koha item type
    Physics MAJU MAJU Shelf No.B31 2019-10-31 530.02 9414 Physics

Powered by Koha